Αργεντινή - Ελλάδα : μια περιγραφική συγκριτική ανάλυση των οικονομικών εξελίξεων στις δύο χώρες μετά τις αθετήσεις πληρωμών
Αποθηκεύτηκε σε:
| Κύριος συγγραφέας: | |
|---|---|
| Μορφή: | Βιβλίο |
| Γλώσσα: | Greek |
| Δημοσίευση: |
Αθήνα :
Πατάκης,
c2015.
|
| Θέματα: | |
| Ετικέτες: |
Προσθήκη ετικέτας
Δεν υπάρχουν, Καταχωρήστε ετικέτα πρώτοι!
|
MARC
| LEADER | 00000cam a2200000 a 4500 | ||
|---|---|---|---|
| 001 | 1/119859 | ||
| 008 | 190904t2015####gr | ||| |||| ||gre|| | ||
| 020 | |a 9789601662831 |q (χαρτόδετο) | ||
| 040 | |a GR-MyUa |b gre |c GR-MyUa |e AACR2 | ||
| 041 | 0 | |a gre | |
| 082 | 7 | |a 330.12 |2 (23) | |
| 100 | 1 | |a Μελάς, Κώστας. | |
| 245 | 1 | |a Αργεντινή - Ελλάδα : |b μια περιγραφική συγκριτική ανάλυση των οικονομικών εξελίξεων στις δύο χώρες μετά τις αθετήσεις πληρωμών / |c Κώστας Μελάς. | |
| 260 | |a Αθήνα : |b Πατάκης, |c c2015. | ||
| 300 | |a 179 σ. : |b διαγρ., πίν. ; |c 21 εκ. | ||
| 504 | |a Περιλαμβάνει βιβλιογραφικές παραπομπές. | ||
| 650 | 0 | |a Comparative economics. | |
| 852 | |a INST |b CHIOS |c TSAMOYRGELIS |e 20190904 |h 330.12 ΜΕΛ |p 005200039293 |q 005200039293 |t BK |y 0 | ||
| 920 | |a Τσαμουργκέλης |b Ιωάννης |y Χίος |z 2017-04 | ||
| 970 | |a Σπέντζα |b Ελένη |z 04-09-2019 | ||